[Event "AUTO-INT-1966"]
[Site "http://www.queenalice.com/game.php?id=906026"]
[Date "2011.2.26"]
[Round "1"]
[White "MC"]
[Black "Tisato"]
[Result "0-1"]
[WhiteElo "1701"]
[BlackElo "1422"]

1. e4 e5 2. Nh3 Nf6 3. Bc4 Nxe4 4. Qf3 Nf6 5. Ng5 d5 6. Bb3 Bc5 7. h4 Bg4 8. Qg3
O-O 9. Qxe5 Re8 10. Qxe8+ Qxe8+ 11. Kf1 Qe2+ 12. Kg1 Qxf2+ 13. Kh2 Bd6# 0-1

[Event "AUTO-INT-1966"]
[Site "http://www.queenalice.com/game.php?id=906027"]
[Date "2011.2.26"]
[Round "1"]
[White "Tisato"]
[Black "MC"]
[Result "1-0"]
[WhiteElo "1490"]
[BlackElo "1726"]

1. e4 e5 2. c3 Nh6 3. d4 exd4 4. cxd4 Bb4+ 5. Nc3 d6 6. Bc4 Ng4 7. Nh3 c6 8. O-O
Qh4 9. Bg5 Qh5 10. e5 d5 11. Bd3 Be6 12. Qb3 Nxh2 13. Qxb4 Nf3+ 14. gxf3 f6 15.
exf6 gxf6 16. Bxf6 Qf7 17. Bxh8 Qg8+ 18. Kh1 Bxh3 19. Rae1+ Kd7 20. Qxb7+ Kd8
21. Bf6# 1-0

[Event "AUTO-OPEN-1763"]
[Site "http://www.queenalice.com/game.php?id=911666"]
[Date "2011.3.11"]
[Round "3"]
[White "MC"]
[Black "gmvilela"]
[Result "0-1"]
[WhiteElo "1595"]
[BlackElo "2117"]

1. e4 c5 2. c4 Nc6 3. a4 g6 4. b3 Bg7 5. Ra2 Nf6 6. Bd3 Nb4 7. e5 Nxd3+ 8. Kf1
Nxe5 9. d4 cxd4 10. Qxd4 Nc6 11. Qe3 d5 12. Nf3 d4 13. Qd3 Bf5 14. Qe2 Nb4 15.
Rd2 Ne4 16. Rd1 e5 17. c5 O-O 18. Nbd2 Nc3 19. Qc4 Bd3+ 20. Qxd3 Nxd3 21. Nc4
Nxc1 22. Rxc1 e4 23. Nfd2 e3 24. fxe3 dxe3 25. Nb1 Qd3+ 26. Ke1 Qe2# 0-1

[Event "AUTO-OPEN-1763"]
[Site "http://www.queenalice.com/game.php?id=911667"]
[Date "2011.3.11"]
[Round "3"]
[White "gmvilela"]
[Black "MC"]
[Result "1-0"]
[WhiteElo "2081"]
[BlackElo "1593"]

1. e4 e5 2. Nf3 Bc5 3. c3 d6 4. d4 exd4 5. cxd4 Bb4+ 6. Nc3 Bg4 7. Be2 Bxc3+ 8.
bxc3 Bxf3 9. Bxf3 Nf6 10. O-O c5 11. e5 dxe5 12. Bxb7 Nbd7 13. Bxa8 Qxa8 14.
dxe5 Ne4 15. Re1 h5 16. Qf3 f5 17. exf6 Nxf6 18. Bg5 O-O 19. Bxf6 Rxf6 20. Qxe4
Qxe4 21. Rxe4 Rf5 22. f3 g5 23. Kf2 g4 24. Rd1 Kg7 25. Rd6 gxf3 26. Re7+ Kf8 27.
Rxa7 fxg2+ 28. Kxg2 Rg5+ 29. Kh3 Re5 30. Rd8+ Re8 31. Rxe8+ Kxe8 32. Kh4 c4 33.
Kxh5 Kf8 34. Kg6 Kg8 35. Ra8# 1-0

[Event "AUTO-ADV-2102"]
[Site "http://www.queenalice.com/game.php?id=914302"]
[Date "2011.3.18"]
[Round "1"]
[White "Lopesq"]
[Black "MC"]
[Result "0-1"]
[WhiteElo "1699"]
[BlackElo "1572"]

1. Nf3 e6 2. e4 Bc5 3. d4 Bb4+ 4. c3 Ba5 5. Nbd2 d5 6. e5 Bb6 7. Nb3 Ne7 8. Bb5+
c6 9. Be2 Na6 10. Bxa6 bxa6 11. O-O Nf5 12. Bg5 f6 13. exf6 gxf6 14. Bd2 Rg8 15.
Bf4 e5 16. dxe5 fxe5 17. Bxe5 Qe7 18. Re1 Kd7 19. Bf4 Qg7 20. Ne5+ Kd8 21. Nxc6+
Kd7 22. Ne5+ Kd8 23. Qf3 Nh4 24. Qh3 Bxh3 25. g3 Qb7 26. Nd4 Bxd4 27. cxd4 Qxb2
28. Nc6+ Kd7 29. Ne5+ Kd8 30. Nf7+ Kd7 31. Ne5+ Kc8 32. Rac1+ Kd8 33. Nc6+ Kc8
34. Ne7+ Kd7 35. Nxg8 Rxg8 36. Rc7+ Kd8 37. Rxa7 Nf3+ 38. Kh1 Nxe1 39. Ra8+ Bc8
40. Be3 h5 41. h4 Qb1 42. Kh2 Nf3+ 43. Kg2 Nxh4+ 44. Kh2 Qf1 45. Rxc8+ Kxc8 0-1

[Event "AUTO-ADV-2102"]
[Site "http://www.queenalice.com/game.php?id=914303"]
[Date "2011.3.18"]
[Round "1"]
[White "MC"]
[Black "Lopesq"]
[Result "0-1"]
[WhiteElo "1540"]
[BlackElo "1692"]

1. e4 d5 2. e5 Bf5 3. Qf3 Be4 4. Qb3 c6 5. Qxb7 Nd7 6. Qxc6 e6 7. d3 Bg6 8. g4
Ne7 9. Qa4 Nc8 10. h4 h6 11. h5 Bh7 12. d4 Nb6 13. Qb3 Be7 14. Bb5 Rb8 15. Qf3
O-O 16. c3 Bg5 17. Bxg5 Qxg5 18. Nd2 Nxe5 19. dxe5 Qxe5+ 20. Ne2 Nc8 21. Bd3
Bxd3 22. Qxd3 Rxb2 23. f4 Qb8 24. g5 hxg5 25. h6 g6 26. fxg5 Qe5 27. h7+ Kh8 28.
Qd4 Qxd4 29. cxd4 Nd6 30. Nc3 Rbb8 31. Ke2 Nf5 32. Rh3 Nxd4+ 33. Kd3 Nf5 34. Rb1
Rxb1 35. Ndxb1 a6 36. Ne2 Rb8 37. Nbc3 Nd6 38. Nf4 Nc4 39. a4 Rb3 40. Ne2 Ne5+
41. Kd4 Nc6+ 42. Kc5 Nb8 43. Kd6 d4 44. Nxd4 Rb2 45. Ke7 Rb7+ 46. Kf6 Nd7+ 47.
Kxf7 Nc5+ 48. Kxg6 Rg7+ 49. Kf6 e5 50. Kxe5 Rxg5+ 51. Kf6 Rg7 52. Re3 Kxh7 53.
Re7 Rxe7 54. Kxe7 a5 55. Kf7 Kh6 0-1

[Event "AUTO-ADV-2102"]
[Site "http://www.queenalice.com/game.php?id=914316"]
[Date "2011.3.18"]
[Round "1"]
[White "Nando_Oliveira"]
[Black "MC"]
[Result "1-0"]
[WhiteElo "1884"]
[BlackElo "1526"]

1. e4 e5 2. Bc4 Nc6 3. d3 Nd4 4. Nf3 d5 5. Bxd5 c6 6. Bc4 Bc5 7. Nxe5 Nh6 8.
Bxh6 gxh6 9. Nxf7 Qa5+ 10. c3 Rf8 11. Nd6+ Bxd6 12. b4 Bxb4 13. cxb4 Qxb4+ 14.
Nd2 Bd7 15. O-O b5 16. Bb3 Nxb3 17. Nxb3 Rg8 18. g3 Rg4 19. Qf3 a5 20. Nc1 Ke7
21. Ne2 Rf8 22. Qe3 h5 23. Kg2 h4 24. Nf4 Rfxf4 25. f3 Qb2+ 26. Qf2 Qxf2+ 27.
Kxf2 Rf8 28. Ke3 Rg6 29. gxh4 Rg2 30. Rh1 b4 31. f4 c5 32. f5 a4 33. Kf3 Rfg8
34. Ke3 b3 35. axb3 axb3 36. Rab1 Ba4 37. Kf3 b2 38. e5 Bc6+ 39. Ke3 h5 40. Rhf1
Rxh2 41. d4 c4 42. Rfd1 Bd5 43. Rg1 1-0

[Event "AUTO-ADV-2102"]
[Site "http://www.queenalice.com/game.php?id=914317"]
[Date "2011.3.18"]
[Round "1"]
[White "MC"]
[Black "Nando_Oliveira"]
[Result "0-1"]
[WhiteElo "1528"]
[BlackElo "1882"]

1. e4 e5 2. Bc4 Nf6 3. d4 exd4 4. Qxd4 Nc6 5. Qe3 Bb4+ 6. c3 Ba5 7. b4 Bb6 8.
Qf3 Qe7 9. Bg5 Qxe4+ 10. Be2 Qxf3 11. Nxf3 h6 12. Bxf6 gxf6 13. O-O d6 14. Nbd2
Rg8 15. Rae1 Bh3 16. g3 Bxf1 17. Nxf1 O-O-O 18. b5 Ne7 19. a4 Nd5 20. Bc4 c6 21.
bxc6 bxc6 22. Nd4 Bxd4 23. cxd4 Rg7 24. Rc1 Kd7 25. Ne3 Nxe3 26. fxe3 d5 27. Ba6
Kd6 28. a5 Rb8 29. Kg2 Rb2+ 30. Kh3 Ra2 31. Rc5 Ra3 32. Bb7 Rxe3 33. Rxc6+ Kd7
34. Rxf6 Ke7 35. Ra6 Rd3 36. Rxa7 Rxd4 37. Bxd5+ Kf6 38. Rd7 Ke5 39. Bc6 Rxd7
40. Bxd7 f6 41. Bc6 Ra7 42. g4 Rxa5 43. Kh4 Kf4 44. h3 Rc5 0-1

[Event "AUTO-ADV-2102"]
[Site "http://www.queenalice.com/game.php?id=914325"]
[Date "2011.3.18"]
[Round "1"]
[White "MC"]
[Black "a13tc38920"]
[Result "0-1"]
[WhiteElo "1563"]
[BlackElo "1883"]

1. e4 c5 2. Bc4 d6 3. f4 e6 4. c3 Nf6 5. Na3 Nc6 6. Qf3 a6 7. e5 dxe5 8. fxe5
Nxe5 9. Qf1 Nxc4 10. Nxc4 Nd5 11. d3 Qh4+ 12. g3 Qf6 13. Nf3 b5 14. Nce5 Bb7 15.
Rg1 Bd6 16. Bg5 Qf5 17. g4 Qxe5+ 18. Nxe5 Bxe5 19. Rd1 f6 20. d4 cxd4 21. cxd4
Bxh2 22. Bh4 Bxg1 23. Qxg1 Ne3 24. Qxe3 Bd5 0-1

[Event "AUTO-OPEN-2301"]
[Site "http://www.queenalice.com/game.php?id=914483"]
[Date "2011.3.19"]
[Round "1"]
[White "Susana"]
[Black "MC"]
[Result "1-0"]
[WhiteElo "1649"]
[BlackElo "1564"]

1. e4 e5 2. Bc4 c6 3. d3 d5 4. exd5 cxd5 5. Bb5+ Nc6 6. h3 Ne7 7. Nf3 Be6 8.
Nxe5 d4 9. Qf3 Qa5+ 10. Nd2 Qxb5 11. Nxc6 Nxc6 12. a3 Qe5+ 13. Ne4 O-O-O 14. O-O
Bd6 15. Nxd6+ Rxd6 16. Bf4 Qd5 17. Bxd6 Qxd6 18. b4 g5 19. Rae1 h5 20. Qg3 Qc7
21. Qxg5 b6 22. Re4 a5 23. b5 Ne7 24. Rc1 a4 25. Rxd4 Bxh3 26. Rc4 Bxg2 27.
Rxc7+ Kxc7 28. Qe5+ Kd7 29. Qxh8 Bd5 30. c4 Be6 31. Qxh5 Kd6 32. Re1 Nf5 33.
Qh2+ Ke7 34. Qc7+ 1-0

[Event "AUTO-OPEN-2301"]
[Site "http://www.queenalice.com/game.php?id=914484"]
[Date "2011.3.19"]
[Round "1"]
[White "MC"]
[Black "Susana"]
[Result "0-1"]
[WhiteElo "1591"]
[BlackElo "1665"]

1. e4 e5 2. Bb5 a6 3. Ba4 Nf6 4. b3 b5 5. Ba3 Bxa3 6. Nxa3 bxa4 7. b4 Bb7 8. d3
d6 9. d4 exd4 10. Qxd4 Qe7 11. f3 Nc6 12. Qc3 O-O 13. g4 Nxe4 14. fxe4 Qxe4+ 15.
Kf2 Qd4+ 16. Qxd4 Nxd4 17. Ne2 Bxh1 18. Nxd4 Bd5 19. g5 c5 20. bxc5 dxc5 21. Nf5
Be6 22. Ne7+ Kh8 23. c3 Rab8 24. h4 Rb2+ 25. Ke3 Rxa2 26. Rxa2 Bxa2 27. Nc4 Bxc4
28. h5 Re8 29. g6 Rxe7+ 30. Kf4 fxg6 31. hxg6 a3 32. gxh7 Kxh7 33. Kg5 a2 34.
Kh5 a1=Q 35. Kg5 Re6 36. Kh5 Rg6 37. Kh4 Qh1# 0-1

[Event "AUTO-OPEN-2301"]
[Site "http://www.queenalice.com/game.php?id=914503"]
[Date "2011.3.19"]
[Round "1"]
[White "Liammason"]
[Black "MC"]
[Result "1-0"]
[WhiteElo "1726"]
[BlackElo "1524"]

1. e4 e5 2. Nf3 d5 3. d4 dxe4 4. Nxe5 c5 5. Qh5 g6 6. Nxg6 fxg6 7. Qe5+ Kf7 8.
Qxh8 Nf6 9. Bg5 cxd4 10. Bc4+ Be6 11. Bxe6+ Kxe6 12. Bxf6 Qxf6 13. Qxh7 Nc6 14.
O-O e3 15. fxe3 Qg7 16. Qh3+ Ke7 17. exd4 Qxd4+ 18. Kh1 Rd8 19. Re1+ Ne5 20. c3
Qd1 21. Na3 Qd6 22. Nc4 Qd7 23. Rxe5+ Kf6 24. Rf1+ Kg7 25. Qxd7+ Rxd7 26. Rfe1
b5 27. Ne3 b4 28. Ng4 bxc3 29. bxc3 a5 30. Rxa5 Rd6 31. h3 Rd2 32. Ra7+ Kg8 33.
Nf6+ 1-0

[Event "AUTO-OPEN-2301"]
[Site "http://www.queenalice.com/game.php?id=914504"]
[Date "2011.3.19"]
[Round "1"]
[White "MC"]
[Black "Liammason"]
[Result "0-1"]
[WhiteElo "1516"]
[BlackElo "1734"]

1. e4 h5 2. Bc4 e6 3. a4 g5 4. d4 Bg7 5. f4 d5 6. exd5 exd5 7. Ba2 Qe7+ 8. Ne2
gxf4 9. Bxf4 c6 10. O-O Be6 11. Re1 Nf6 12. Nbc3 Na6 13. b4 Nxb4 14. Bb1 a5 15.
g3 Ng4 16. Ba2 Nxa2 17. Nxa2 O-O 18. h3 Nf6 19. Bg5 Qd7 20. Nf4 Bxh3 21. Bxf6
Bg4 22. Qd3 Bxf6 23. Kf2 Bf5 24. Qf3 Bxd4+ 25. Kg2 Bg4 26. Qd3 Bxa1 27. Rxa1 Bf5
28. Qd4 f6 0-1

[Event "AUTO-OPEN-2301"]
[Site "http://www.queenalice.com/game.php?id=914513"]
[Date "2011.3.19"]
[Round "1"]
[White "bassoandre"]
[Black "MC"]
[Result "1-0"]
[WhiteElo "2012"]
[BlackElo "1574"]

1. e4 e5 2. Nf3 d5 3. Nxe5 Nh6 4. Qe2 Ng4 5. Nxg4 Bxg4 6. Qxg4 d4 7. Bc4 c5 8.
O-O Bd6 9. d3 h5 10. Qf3 f6 11. e5 Bxe5 12. Qxb7 Nd7 13. f4 Bd6 14. Re1+ Be7 15.
Qd5 a6 16. Qf7# 1-0

[Event "AUTO-OPEN-2301"]
[Site "http://www.queenalice.com/game.php?id=914514"]
[Date "2011.3.19"]
[Round "1"]
[White "MC"]
[Black "bassoandre"]
[Result "0-1"]
[WhiteElo "1530"]
[BlackElo "1933"]

1. e4 c6 2. d4 d5 3. e5 Bf5 4. Nc3 e6 5. Nf3 Bb4 6. h3 Ne7 7. Bg5 Qa5 8. Bxe7
Bxc3+ 9. bxc3 Qxc3+ 10. Nd2 Kxe7 11. g4 Be4 12. Rg1 Qxd4 13. Bd3 Bxd3 14. cxd3
Qxe5+ 15. Kf1 Qh2 16. Qf3 Nd7 17. Qg3 Qxg3 0-1

[Event "QA-ANNIV-06"]
[Site "http://www.queenalice.com/game.php?id=924294"]
[Date "2011.4.10"]
[Round "4"]
[White "Tal0n"]
[Black "MC"]
[Result "1-0"]
[WhiteElo "1728"]
[BlackElo "1574"]

1. e4 e5 2. Nf3 Nc6 3. d4 Nxd4 4. Nxd4 exd4 5. Qxd4 c5 6. Qe5+ Be7 7. Qxg7 Bf6
8. Qg4 d5 9. Bb5+ Bd7 10. exd5 Bxb5 11. Qe4+ Qe7 12. f3 Qxe4+ 13. fxe4 O-O-O 14.
Nc3 Bxc3+ 15. bxc3 1-0